Discurso del presidente de la Diputación en el reparto de premios a la Virtud y al Mérito
Colección:
San Jorge,
; núm. 21 (gener 1956), pàg 99
Materias:
Buxó de Abaigar, Joaquín, -- marqués de Castell-Florite, -- 1905-1979
; Societat Econòmica Barcelonesa d'Amics del País
; Premis -- Barcelona (Província)
Idioma:
Español
MARC
| LEADER | 00000naa a2200000 a 4500 | ||
|---|---|---|---|
| 003 | Arxiu | ||
| 005 | 20260324181505.0 | ||
| 008 | 160829s1956 spcaxx s spa c | ||
| 040 | |a AGDB | ||
| 245 | 0 | 0 | |a Discurso del presidente de la Diputación en el reparto de premios a la Virtud y al Mérito |
| 490 | |a San Jorge, |v núm. 21 (gener 1956), pàg 99 | ||
| 600 | 1 | 0 | |9 54201 |a Buxó de Abaigar, Joaquín, |c marqués de Castell-Florite, |d 1905-1979 |
| 610 | 2 | 0 | |9 53272 |a Societat Econòmica Barcelonesa d'Amics del País |
| 650 | 0 | |a Premis |9 56195 |z Barcelona (Província) | |
| 773 | |g Núm. 21 (gener 1956), pàg 99 |t San Jorge. | ||
| 901 | |a Arxiu | ||
| 942 | |n 1 |2 udc |c ART | ||
| 952 | |0 0 |1 0 |4 0 |6 REV511 |7 1 |9 66119 |a Arxiu |b Arxiu |d 2023-04-17 |l 0 |o Rev-511 |r 2023-04-17 00:00:00 |w 2023-04-17 |y ARXIU |z També disponible a Rev-525 | ||
| 999 | |c 44062 |d 44062 | ||